CZEGO UŻYWALIŚMY DAWNIEJ, A TERAZ STAŁO SIĘ PRZEŻYTKIEM? - Statystyki

Ogólne statystyki
  • Ten quiz został rozwiązany 10 razy
  • Średni wynik to 3 z 6
Statystyki odpowiedzi
Odpowiedź % Poprawnych
Magnetofonu
100%
Dyskietek
50%
Kaset VHS
50%
Maszyny Do Pisania
50%
Walkmana
50%
Magnetowidu
0%
Nie znaleziono quizów pasujących do podanych kryteriów
Rozkład punktacji
Procent ludzi z każdym wynikiem
Percentyl według liczby udzielonych odpowiedzi
Twoja historia wyników
Nie rozwiązałeś tego quizu